Ο χαμένος τα παίρνει όλα
Ένας κυνικός 40άρης, παρέα με έναν 19χρονο μουσικό, την πρώην ερωμένη του, την αλκοολική πελάτισσα ενός μπάρ και μια μαύρη χορεύτρια στριπτιτζάδικου, εμπλέκονται με αναρχική διάθεση σε ένα επικίνδυνο παιχνίδι με ναρκωτικά, νονούς της νύχτας, μπάτσους και media....
Αποθηκεύτηκε σε:
| Άλλοι συγγραφείς: | , , , , , , |
|---|---|
| Μορφή: | |
| Γλώσσα: | Greek English |
| Δημοσίευση: |
Αθήνα :
Proptiki [Εταιρεία διανομής],
c2002.
|
| Σειρά: | Έλληνες δημιουργοί
|
| Θέματα: | |
| Ετικέτες: |
Προσθήκη ετικέτας
Δεν υπάρχουν, Καταχωρήστε ετικέτα πρώτοι!
|
MARC
| LEADER | 00000cgm a2200000 i 4500 | ||
|---|---|---|---|
| 001 | 1/2164 | ||
| 008 | 091103s2002 gr ||| | || ||gre|| | ||
| 035 | |l 10105879 | ||
| 040 | |a GR-MyUa |b gre |e AACR2 | ||
| 041 | 0 | |a gre |j eng | |
| 082 | 7 | |a 791.437 |2 (22) | |
| 245 | 0 | 2 | |a Ο χαμένος τα παίρνει όλα |h [μαγνητοσκόπηση] / |c σκηνοθεσία: Νίκος Νικολαΐδης. |
| 260 | |a Αθήνα : |b Proptiki [Εταιρεία διανομής], |c c2002. | ||
| 300 | |a 1 βιντεοδίσκος (119 λεπτ.) : |b ομίλ., έγχρ. ; |c 4 3/4 ίν. | ||
| 490 | 1 | |a (Έλληνες δημιουργοί) | |
| 508 | |a Φωτογραφία, Κωστής Γκίκας ; μουσική, Γ. Αγγελάκας ; μοντάζ, Γ. Τριανταφύλλου ; καλλιτεχνική διεύθυνση, Μ. Βαρθολομαίου ; παραγωγή, Ν. Nικολαΐδης. | ||
| 511 | 0 | |a Γιάννης Αγγελάκας, Τζένη Κιτσέλη, Ιφιγένεια Αστεριάδη, Συμεών Νικολαΐδης, Louise Attah, Lumi Savva, Ιωάννα Παππά. | |
| 520 | 8 | |a Ένας κυνικός 40άρης, παρέα με έναν 19χρονο μουσικό, την πρώην ερωμένη του, την αλκοολική πελάτισσα ενός μπάρ και μια μαύρη χορεύτρια στριπτιτζάδικου, εμπλέκονται με αναρχική διάθεση σε ένα επικίνδυνο παιχνίδι με ναρκωτικά, νονούς της νύχτας, μπάτσους και media. | |
| 546 | |a Στα ελληνικά με υπότιτλους στα αγγλικά. | ||
| 655 | 7 | |a Feature films |2 lcgft | |
| 700 | 1 | |a Νικολαΐδης, Νίκος, |d 1939-2007, |e drt | |
| 700 | 1 | |a Αγγελάκας, Γιάννης, |d 1959- |e act | |
| 700 | 1 | |a Αστεριάδη, Ιφιγένεια, |e act | |
| 700 | 1 | |a Νικολαΐδης, Συμεών, |e act | |
| 700 | 1 | |a Attah, Louise, |e act | |
| 700 | 1 | |a Savva, Lumi, |e act | |
| 700 | 1 | |a Παππά, Ιωάννα, |d 1977- |e act | |
| 830 | 0 | |a Έλληνες δημιουργοί | |
| 852 | |a INST |b SYROS |c AV |e 20091103 |h 791.437 ΝΙΚ |p 005500008105 |q 005500008105 |t DVD |y 23 | ||
| 901 | |a BIBL5-2008-1 | ||
| 922 | |a 5ΕΛΗ |b 200709 |c ΒΙΒΛΙΟΘΗΚΗ ΣΥΡΟΥ |d ANACO | ||
| 970 | |a Κοντού |b Παρασκευή |z 03/11/2009 | ||